ფსიქოლოგიური გამოკვლევები / (ბიბ.ჩანაწერი № 35496)
[ მარტივი ფორმატი ]
| 000 -ლიდერი | |
|---|---|
| ფიქსირებული სიგრძის საკონტროლო ველი | 01335nam a2200193Ia 4500 |
| 001 - საკონტროლო ნომერი | |
| საკონტროლო ველი | 1356 |
| 003 - საკონტროლო ნომრის იდენტიფიკატორი | |
| საკონტროლო ველი | GE_BSU |
| 005 - ბოლო ოპერაციის თარიღი და დრო | |
| საკონტროლო ველი | 20221129100452.0 |
| 008 - ფიქსირებული სიგრძის მონაცემთა ელემენტები - ზოგადი ინფორმაცია | |
| ფიქსირებული სიგრძის საკონტროლო ველი | 181216s2010||||ge |||||||||||||| ||geo|| |
| 040 ## - კატალოგიზაციის წყარო | |
| Transcribing agency | GE_BSU |
| 245 ## - ცნობა სათაურის შესახებ | |
| Title | ფსიქოლოგიური გამოკვლევები / |
| Statement of responsibility, etc | საქ. განათლებისა და მეცნიერების სამინისტრო. შოთა რუსთაველის სახელმწ. უნ-ტი. სოციალურ მეცნიერებათა, ბიზნესისა და სამართალმცოდნეობის ფაკულტეტი. სოციალურ მეცნიერებათა დეპარტამენტი ; რედაქტორები: ნოდარ ბარამიძე, გურამ ჩაგანავა. |
| 264 ## - წარმოების, გამოცემის, დისტრიბუციის და სხვა ცნობები | |
| გამოცემის, წარმოების, დისტრიბუციის... ადგილი | ბათუმი: |
| გამოცემის, წარმოების, დისტრიბუციის... სახელწოდება | შოთა რუსთაველის სახელმწიფო, |
| გამოცემის, წარმოების, დისტრიბუციის... თარიღი | 2010. |
| 300 ## - ფიზიკური აღწერა | |
| Extent | 129 გვ. ; |
| Other physical details | 19 სმ. |
| 653 ## - INDEX TERM--UNCONTROLLED | |
| Uncontrolled term | ფსიქოლოგია |
| 700 ## - ADDED ENTRY--PERSONAL NAME | |
| Personal name | ბარამიძე, ნოდარ |
| Relator term | რედაქტორი |
| 9 (RLIN) | 16174 |
| 700 ## - ADDED ENTRY--PERSONAL NAME | |
| Personal name | ჩაგანავა, გურამ |
| Relator term | რედაქტორი |
| 9 (RLIN) | 16175 |
| 942 ## - ADDED ENTRY ELEMENTS (KOHA) | |
| Koha item type | წიგნი |
| Source of classification or shelving scheme | |
| ჩამოწერის სტატუსი | დაკარგული ეგზემპლარის სტატუსი | კლასიფიკაციის წყარო ან თაროზე გაწყობის სქემა | დაზიანების სტატუსი | არ გაიცემა | მუდმივი მდებარეობა (დაცვის ადგილი) | ამჟამინდელი ადგილსამყოფელი | თაროზე განთავსების ადგილი | შეძენის თარიღი | ღირებულება, შესყიდვის ნორმალური ფასი | შტრიხკოდი | ბოლო ოპერაციის თარიღი | ეგზემპლარის მიმდევრობითი ნომერი (კეტერი?) | ფასის ძალაში შესვლის თარიღი | ეგზემპლარის სახეობა | საჯარო შენიშვნა |
|---|---|---|---|---|---|---|---|---|---|---|---|---|---|---|---|
| ბათუმის შოთა რუსთაველის სახელმწიფო უნივერსიტეტის მთავარი ბიბლიოთეკა | ბათუმის შოთა რუსთაველის სახელმწიფო უნივერსიტეტის მთავარი ბიბლიოთეკა | წიგნსაცავი | 2018-12-17 | 5.00 | 2916 | 2018-12-17 | 2916 | 2018-12-17 | წიგნი | 5 ლ. | |||||
| ბათუმის შოთა რუსთაველის სახელმწიფო უნივერსიტეტის მთავარი ბიბლიოთეკა | ბათუმის შოთა რუსთაველის სახელმწიფო უნივერსიტეტის მთავარი ბიბლიოთეკა | წიგნსაცავი | 2018-12-17 | 5.00 | 2917 | 2018-12-17 | 2917 | 2018-12-17 | წიგნი | 5 ლ. | |||||
| ბათუმის შოთა რუსთაველის სახელმწიფო უნივერსიტეტის მთავარი ბიბლიოთეკა | ბათუმის შოთა რუსთაველის სახელმწიფო უნივერსიტეტის მთავარი ბიბლიოთეკა | წიგნსაცავი | 2018-12-17 | 5.00 | 2918 | 2018-12-17 | 2918 | 2018-12-17 | წიგნი | 5 ლ. | |||||
| ბათუმის შოთა რუსთაველის სახელმწიფო უნივერსიტეტის მთავარი ბიბლიოთეკა | ბათუმის შოთა რუსთაველის სახელმწიფო უნივერსიტეტის მთავარი ბიბლიოთეკა | წიგნსაცავი | 2018-12-17 | 5.00 | 2919 | 2018-12-17 | 2919 | 2018-12-17 | წიგნი | 5 ლ. | |||||
| ბათუმის შოთა რუსთაველის სახელმწიფო უნივერსიტეტის მთავარი ბიბლიოთეკა | ბათუმის შოთა რუსთაველის სახელმწიფო უნივერსიტეტის მთავარი ბიბლიოთეკა | წიგნსაცავი | 2018-12-17 | 5.00 | 2920 | 2018-12-17 | 2920 | 2018-12-17 | წიგნი | 5 ლ. |
